000 00315nam a22001337a 4500
008 170206b xxu||||| |||| 00| 0 eng d
020 _a9780897895484
041 _aeng
080 _a61
100 _a3
101 _aSHM
245 _aCULTURAL CONTEXT HEALTH ILLNES MEDICINE
_cMARTBA O.LOUSTAUNAU
942 _2udc
_cBK
999 _c4749
_d4749